|
|
|
|
| LEADER |
00000cam a2200000 7i4500 |
| 001 |
0000086638 |
| 005 |
20210921.0 |
| 008 |
210415 |
| 020 |
|
|
|a 9789671444115
|
| 041 |
0 |
|
|a Malay
|
| 090 |
0 |
0 |
|a 370.7
|b MUH
|
| 100 |
0 |
|
|a Fazrul Ismail
|
| 245 |
1 |
0 |
|a Kemahiran membina modul
|c Fazrul Ismail
|
| 260 |
|
|
|a Selangor :
|b Abideen Publishing ,
|c 2016
|
| 300 |
|
|
|a 148 p. :
|b ill., col. ;
|c 22.7 cm.
|
| 541 |
0 |
0 |
|c Purchased on 2020
|f JI/125 KPM
|h RM60.00
|
| 650 |
|
0 |
|a Education
|x Programmed instruction
|
| 700 |
0 |
|
|a Ejul Lutfi
|
| 999 |
|
|
|a 0001657473
|b Book
|c Adult Collection
|e Perbadanan Perpustakaan Awam Johor
|